| 000 | 00876nam a22002897a 4500 | ||
|---|---|---|---|
| 001 | 8334 | ||
| 003 | FISKH | ||
| 005 | 20251219082151.0 | ||
| 008 | 250909b cb ||||| |||| 00| 0 eng d | ||
| 020 | _a9780590135658 | ||
| 040 |
_aFISKH _beng _cFISKH _dFISKH |
||
| 050 | _aPZ7.H389 C | ||
| 082 | _a813.54 | ||
| 100 |
_aHenkes, Kevin _d(1960-) |
||
| 245 |
_aChrysanthemum / _cBy Kevin Henkes |
||
| 250 | _aThis edition first published in 1991 | ||
| 260 |
_aNew York : _bScholastic, _c1991 |
||
| 300 |
_a30 unnumbered pages : _bcolor illustrations ; _c26 cm |
||
| 505 | _aN | ||
| 520 | _aChrysanthemum loves her name, until she starts going to school and the other children make fun of it. | ||
| 521 | 8 |
_a570
_bLexile |
|
| 521 | 8 |
_aN
_bRaz-Plus |
|
| 650 |
_2Back to school _aBullying |
||
| 650 |
_2Self-esteem _aFamily |
||
| 942 |
_2ddc _cBK _n0 |
||
| 999 |
_c8334 _d8334 |
||